000 00465nam a22001817a 4500
005 20250612151042.0
008 250612b |||||||| |||| 00| 0 eng d
020 _a9780553820331
_qpbk
041 _aeng
082 _a823.92 FRA
100 _aFranklin Ariana
245 _aThe Death Maze
_c/ Ariana Franklin
250 _a1st ed
260 _aLondon
_bTransworld Publishers
_c2008
300 _a447p. :
_c20cm.
650 _aenglish fiction
942 _cENGLISH
999 _c572179
_d572179